Statistics for Botswana Multiple Choice

Click here to take the quiz!

General Stats

  • This quiz has been taken 24 times
    (23 since last reset)
  • The average score is 8 of 15

Answer Stats

QuestionAnswer% Correct
Botswana has the third highest prevalence of what disease in the world?HIV/AIDS
77%
Which of these countries does Botswana NOT border?Mozambique
73%
Which of these natural landforms is located in BotswanaKalahari Desert
73%
Which of these statements is NOT true?Botswana holds a border dispute with Mozambique
73%
Botswana’s most practiced religion isChristianity
73%
What is Botswana’s largest city?Gaborone
68%
Botswana is a...Constitutional Republic
64%
Botswana is the second largest producer of WHAT mineral?Diamond
55%
What is Botswana’s official language?English
55%
What is Botswana’s most dominant language?Setswana
50%
Botswana has the second least corrupt government in all of Africa. What country is the least corrupt in Africa?Seychelles
45%
Botswana spends the __th most on education as percent of GDP.5
45%
Someone from Botswana is called a...Motswana
36%
What is Botswana’s population density?3.9 people per square km
27%
Botswana has the ____th highest GDP per capita (PPP) in Africa5
18%

Score Distribution

Percentile by Number Answered

Percent of People with Each Score

Your Score History

You have not taken this quiz since the last reset